Nečakaná prehra juniorov Začali sa juniorské ME vo volejbale

Bibliographic Details
Format: Article
Language:Slovak
Subjects:

MARC

LEADER 00000nab a2200000 a 4500
001 vtls000259409
003 SK-MaSNL
005 20260303192622.0
008 150501c1986 xo 0 slo
015 |a SNBRB19rr/mm-uuuuu 
035 |a CL0269523 
040 |a SNKBUCL  |b slo  |c SNKBUCL  |e AACR2 
041 0 |a slo 
044 |a xo  |c SK 
080 |a 796.325.093.1-053.67(4)  |2 1981 
245 0 0 |a Nečakaná prehra juniorov  |b Začali sa juniorské ME vo volejbale 
650 0 7 |a volejbal  |2 snkbucl  |9 3294 
655 7 |a články z novín a časopisov  |2 snkbucl  |9 267496 
773 0 |t Šport  |g Roč. 40, č. 194 (19. 8. 1986), s. 12 
850 |a Slovenská národná knižnica v Martine  |a MTA001 
852 |a SNK  |b KIS3GCP 
958 |a RK 
958 |a BG 
992 |a RBX 
999 |c 2147477  |d 2149407